|
|
|
|
| LEADER |
01397nam a2200325 a 4500 |
| 001 |
3262 |
| 003 |
BD-DhAAL |
| 005 |
20150820105429.0 |
| 008 |
150820s2000 ii s 000 0 eng |
| 010 |
|
|
|a 2006346641
|
| 040 |
|
|
|a DLC
|c DLC
|d DLC
|d BD-DhAAL
|
| 050 |
0 |
0 |
|a HQ1744
|b .R24 2000
|
| 082 |
|
|
|a 305.4/2/0954
|
| 100 |
1 |
|
|a Malhotra, Rakesh.
|9 13972
|
| 245 |
1 |
0 |
|a Access of rural women to institutional credit :issues and alternatives /
|c Rakesh Malhotra.
|
| 260 |
|
|
|a Lucknow :
|b Bankers Institute of Rural Development,
|c c2000.
|
| 300 |
|
|
|a 165 p. ;
|c 25 cm.
|
| 490 |
1 |
|
|a Research paper series ;
|v no. 6
|
| 500 |
|
|
|a Includes statistical tables.
|
| 520 |
|
|
|a Study with reference to Rae Bareily District, India.
|
| 541 |
|
|
|e 3262
|
| 650 |
|
0 |
|a Women
|z India
|x Social conditions.
|9 13973
|
| 650 |
|
0 |
|a Rural women
|z India
|z Rae Bareli (District)
|x Economic conditions
|v Statistics.
|9 13974
|
| 650 |
|
0 |
|a Rural credit
|z India
|z Rae Bareli (District)
|v Case studies.
|9 13975
|
| 650 |
|
0 |
|a Rural development
|z India
|z Rae Bareli (District)
|v Case studies.
|9 13976
|
| 710 |
2 |
|
|a Bankers Institute of Rural Development.
|9 13977
|
| 830 |
|
0 |
|a Research paper (Bankers Institute of Rural Development) ;
|v no. 6.
|9 13978
|
| 942 |
|
|
|2 ddc
|c BK
|
| 999 |
|
|
|c 35295
|d 35295
|
| 952 |
|
|
|0 0
|1 0
|2 ddc
|4 0
|6 305_420954000000000_MAL
|7 0
|9 55468
|a SCL
|b SCL
|c GEN
|d 2015-08-20
|l 0
|o 305.420954 MAL
|p 3020003262
|r 2015-08-20
|t 1
|w 2015-08-20
|y BK
|